000
00309nam a22001217a 4500
082
_a
297.51
_b
MUH
100
_a
Muhammad Bin Abdul Wahab
_9
51024
245
_a
کتاب آلتوحید
260
_a
lahore.:
_b
Ansar.:
_c
1984.
300
_a
461p.
526
_a
0
_b
0
_c
0
_d
297_510000000000000_MUH
942
_2
ddc
_c
BK
999
_c
553760
_d
553760